00570nam a2200145 a 4500008004100000050001600041100002200057245004000079260004000119300001500159350000900174995009200183999001700275952013200292120416s1961 ||||||||||||||||| || u aHF 5429 Har aHarris, Leonard M10aProfit and personality in retailing aLondonbBusiness Publicationsc1961 axiii,181p. a0.00 D0.00FCBU-MAIN LIBRARY (Kitwe)H1I3.70UAVAILABLEZMain Library Open Access Collection c54966d54966 00102lcc4070a001b001cMain Library Open Access Collectiond2022-11-30l0oHF 5429 Harp004909r2022-11-30w2022-11-30y002